Sports Quiz

Random Sports or Baseball Quiz

MLB - Los Angeles Angels All-Stars Quiz Stats

 Plays Quiz not verified by Sporcle

Score 0/123 Timer 10:00
0 Plays Today
Year Player % Correct
2018Mike Trout
100%
2012Mike Trout
97.6%
2013Mike Trout
97.6%
2014Mike Trout
97.6%
2015Mike Trout
97.6%
2016Mike Trout
97.6%
2017Mike Trout
97.4%
2015Albert Pujols
92.9%
2004Vladimir Guerrero
92.4%
2005Vladimir Guerrero
92.4%
2006Vladimir Guerrero
92.4%
2007Vladimir Guerrero
92.4%
2002Garret Anderson
91.8%
2003Garret Anderson
91.8%
2005Garret Anderson
91.8%
2011Jered Weaver
91.8%
2012Jered Weaver
91.8%
2000Troy Glaus
90.8%
2001Troy Glaus
90.8%
2003Troy Glaus
90.8%
2004Francisco Rodriguez
90.8%
2007Francisco Rodriguez
90.8%
2008Francisco Rodriguez
90.8%
2009Torii Hunter
87.1%
2010Torii Hunter
87.1%
2010Jered Weaver
86.2%
1982Reggie Jackson
86.1%
1983Reggie Jackson
86.1%
1984Reggie Jackson
86.1%
1972Nolan Ryan
85.5%
1973Nolan Ryan
85.5%
1975Nolan Ryan
85.5%
1977Nolan Ryan
85.5%
1979Nolan Ryan
85.5%
2007John Lackey
84%
2014Erick Aybar
83.5%
1989Chuck Finley
81.5%
1990Chuck Finley
81.5%
1995Chuck Finley
81.5%
1996Chuck Finley
81.5%
1979Rod Carew
80.5%
Year Player % Correct
1980Rod Carew
80.5%
1981Rod Carew
80.5%
1982Rod Carew
80.5%
1983Rod Carew
80.5%
1984Rod Carew
80.5%
1996Troy Percival
80.5%
1998Troy Percival
80.5%
1999Troy Percival
80.5%
2001Troy Percival
80.5%
1986Wally Joyner
80.2%
1998Darin Erstad
79.7%
2000Darin Erstad
79.7%
2009Chone Figgins
79.5%
1979Bobby Grich
77.6%
1980Bobby Grich
77.6%
1982Bobby Grich
77.6%
2005Bartolo Colon
77.1%
1995Jim Edmonds
76.5%
1979Don Baylor
76.1%
1991Mark Langston
76%
1992Mark Langston
76%
1993Mark Langston
76%
2011Howie Kendrick
75.3%
1979Brian Downing
73.4%
2012Mark Trumbo
71.8%
2012C.J. Wilson
71.8%
1983Bob Boone
69.7%
1964Jim Fregosi
69.2%
1966Jim Fregosi
69.2%
1967Jim Fregosi
69.2%
1968Jim Fregosi
69.2%
1969Jim Fregosi
69.2%
1970Jim Fregosi
69.2%
1983Doug DeCinces
69.2%
1976Frank Tanana
67.2%
1977Frank Tanana
67.2%
1978Frank Tanana
67.2%
2008Ervin Santana
67.1%
1986Mike Witt
65.7%
1987Mike Witt
65.7%
1989Devon White
65.5%
Year Player % Correct
2015Hector Santiago
64.7%
1981Fred Lynn
64.5%
1982Fred Lynn
64.5%
1983Fred Lynn
64.5%
1994Chili Davis
64.2%
2009Brian Fuentes
63.2%
1985Donnie Moore
61.8%
1995Gary Disarcina
61.8%
2008Joe Saunders
61%
1995Lee Smith
60.7%
1964Dean Chance
59.5%
1970Alex Johnson
58.8%
1991Bryan Harvey
58.8%
1990Lance Parrish
57.3%
2003Brendan Donnelly
52.6%
1988Johnny Ray
51.4%
1981Rick Burleson
50.3%
2011Jordan Walden
49.4%
1970Clyde Wright
49.2%
1974Frank Robinson
47.1%
1962Leon Wagner
46.7%
1963Leon Wagner
46.7%
1971Andy Messersmith
43.5%
1966Bobby Knoop
42.9%
1970Sandy Alomar
42.2%
1973Bill Singer
41.3%
1962Lee Thomas
40.7%
1963Albie Pearson
40%
1997Jason Dickson
39.8%
1965Bob Lee
39%
1974Dave Chalk
38.7%
1975Dave Chalk
38.7%
1981Ken Forsch
37.3%
1967Don Mincher
37.1%
1979Mark Clear
36.1%
1961Ken McBride
35.5%
1962Ken McBride
35.5%
1963Ken McBride
35.5%
1962Billy Moran
34.1%
1961Ryne Duren
33.6%
1967Jim McGlothlin
32.1%

You're not logged in!

Compare scores with friends on all Sporcle quizzes.
OR
Log In

You Might Also Like...

Show Comments

Extras

Top Quizzes Today


Score Distribution

Your Account Isn't Verified!

In order to create a playlist on Sporcle, you need to verify the email address you used during registration. Go to your Sporcle Settings to finish the process.

Report this User

Report this user for behavior that violates our Community Guidelines.

Details: